Towards a strategy for development Co-operation : With special reference to Asia

Shranjeno v:
Bibliografske podrobnosti
Format: Knjiga
Jezik:Undetermined
Izdano: Paris Universitaire pers rotterdam 1967
Teme:
Oznake: Označite
Brez oznak, prvi označite!
Thư viện lưu trữ: Trung tâm Học liệu Trường Đại học Cần Thơ
LEADER 00606nam a2200205Ia 4500
001 CTU_105022
008 210402s9999 xx 000 0 und d
082 |a 338.91 
082 |b T737 
245 0 |a Towards a strategy for development Co-operation : 
245 0 |b With special reference to Asia 
245 0 |c H. B. Chenery [ et. al.] 
260 |a Paris 
260 |b Universitaire pers rotterdam 
260 |c 1967 
650 |a Economic assistance,Economic policy 
650 |x Developing countries 
650 |z Asia 
904 |i Hiếu 
980 |a Trung tâm Học liệu Trường Đại học Cần Thơ